Statistics for Donald Trump Decoder #2

Click here to take the quiz!

General Stats

  • This quiz has been taken 301 times
  • The average score is 24 of 36

Answer Stats

ClueAnswer% Correct
MWho is going to pay for his wall?Mexico
93%
OPredecessor of Trump, the 44th presidentObama
93%
PHis vice presidentPence
93%
RHis partyRepublican
92%
IHis oldest daughterIvanka
91%
CHis opponent during the election 2016 (last name)Clinton
89%
UHe is President of the....United States
88%
OColour of his skinOrange
87%
HHis opponent during the election 2016 (first name)Hillary
86%
THis residence until 1/20/17Trump Tower
82%
AFamous TV-ShowApprentice
81%
MMAGA is the abbreviation for what?Make America Great Again
80%
T"Person of the Year" according to which news magazine?Time Magazine
78%
EOne of his sonsEric
77%
BHis youngest childBarron
76%
YMost famous sentence in his TV-ShowYou're fired
74%
FWhere the Mar-a-Lago is locatedFlorida
72%
IJanuary 20, 2017Inauguration Day
72%
ICountry affected by Trumps entry banIran or Iraq
72%
A..... FirstAmerica
69%
HNot sure if it's realHair
68%
THis youngest daughterTiffany
65%
EWas nominated twice for this awardEmmy Award
64%
TFirst name of the Prime Minister of the United KingdomTheresa
58%
AWhere his "Taj Mahal" stoodAtlantic City
55%
HState with the lowest percentage of Trump voters (30%)Hawaii
50%
FHis fatherFred Trump
49%
VState that voted against himVirginia or Vermont
48%
YCountry affected by Trumps entry banYemen
44%
SWhite House Press Secretary for President TrumpSean Spicer
37%
EHow the Trump Organization was called before 1971Elizabeth Trump & Son
36%
RFirst person who used MAGARonald Reagan
36%
TWhat TPP meansTrans-Pacific Partnership
29%
EFirst name of the Mexican presidentEnrique
26%
QuotePart of the beauty of me is that I'm very rich
26%
RName of the President of IranRouhani
19%

Score Distribution

Percentile by Number Answered

Percent of People with Each Score

Your Score History

You have not taken this quiz